[Event "Hadukeeeeennnnn!!!!!"]
[Site "http://www.queenalice.com/game.php?id=406435"]
[Date "2008.5.22"]
[Round "-"]
[White "Aleqza"]
[Black "Rafasparov"]
[Result "1-0"]
[WhiteElo "1436"]
[BlackElo "1500"]

1. e4 Nf6 2. Bc4 Nxe4 3. Qf3 Nf6 4. d4 c6 5. Bg5 Qa5+ 6. Nc3 Qxg5 7. Ne4 Nxe4 8.
Qxe4 Qa5+ 9. c3 d5 10. Qe5 f6 11. Qe2 dxc4 12. Qxc4 Qh5 13. Nf3 Qg4 14. O-O e6
15. h3 Qg6 16. Rfe1 Bd6 17. Rxe6+ Kd7 18. Ne5+ fxe5 19. Rxg6 hxg6 20. Qf7+ Kd8
21. Qxg6 Be7 22. Qxg7 Rh4 23. Qg8+ Kc7 24. Qf7 Kd6 25. dxe5+ Kd7 26. Rd1+ Kc7
27. Qxe7+ Nd7 28. Qxh4 Nxe5 29. Qe7+ Bd7 30. Qd6+ Kd8 31. Qf8+ Kc7 32. Qxa8 Bc8
33. Qxa7 Nc4 34. b3 Nb2 35. Qa5+ b6 36. Qe5+ Kb7 37. Qe7+ Ka6 38. Rd4 1-0

[Event "Challenge"]
[Site "http://www.queenalice.com/game.php?id=414245"]
[Date "2008.6.6"]
[Round "-"]
[White "Diego_Martinez"]
[Black "Rafasparov"]
[Result "1-0"]
[WhiteElo "1190"]
[BlackElo "1175"]

1. d4 f5 2. Nh3 e6 3. g3 Bb4+ 4. c3 Bd6 5. f4 b6 6. a4 Ba6 7. Bg2 c6 8. e3 c5 9.
Bxa8 Qf6 10. Qh5+ g6 11. Qh6 Nxh6 12. Ng5 cxd4 13. exd4 Ng4 14. Ra3 1-0

[Event "RAFASPAROV X ALEQZA DO MORRO"]
[Site "http://www.queenalice.com/game.php?id=414251"]
[Date "2008.6.6"]
[Round "-"]
[White "Rafasparov"]
[Black "Aleqza"]
[Result "0-1"]
[WhiteElo "1197"]
[BlackElo "1485"]

1. f4 c6 2. e3 Nf6 3. g4 e6 4. Nc3 d6 5. Bd3 e5 6. g5 Bg4 7. Nce2 b5 8. b4 exf4
9. exf4 Nd5 10. h3 Bxe2 11. Qxe2+ Be7 12. Bxh7 Rxh7 13. g6 fxg6 14. Qg4 Nxb4 15.
f5 Nxc2+ 16. Ke2 Nxa1 17. fxg6 Rh4 18. Qe6 Nc2 19. Nf3 Na6 20. Rg1 Rf4 21. d3
Rxf3 22. Kxf3 Nd4+ 0-1

[Event "Quero Ver Agora!!!!"]
[Site "http://www.queenalice.com/game.php?id=416243"]
[Date "2008.6.11"]
[Round "-"]
[White "Rafasparov"]
[Black "Diego_Martinez"]
[Result "1-0"]
[WhiteElo "1111"]
[BlackElo "1202"]

1. e4 e5 2. Qh5 g6 3. Qxe5+ Ne7 4. Qxh8 Nec6 5. d3 Nb4 6. Bh6 Nxc2+ 7. Ke2 Ke7
8. Bg5+ f6 9. Qxh7+ Kd6 10. Bf4+ Ke6 11. g3 Nxa1 12. Bh3+ f5 13. exf5+ gxf5 14.
Bxf5+ Kd5 15. Nc3+ Kc6 16. Qg6+ d6 17. Be4+ Kb6 18. Qf7 Bg4+ 19. Ke1 d5 20. Be3+
c5 21. Bxd5 Nc2+ 22. Kd2 Bf3 23. Qxb7+ Ka5 24. Qb5# 1-0

[Event "Topas????"]
[Site "http://www.queenalice.com/game.php?id=416244"]
[Date "2008.6.11"]
[Round "-"]
[White "Rafasparov"]
[Black "Aleqza"]
[Result "0-1"]
[WhiteElo "1111"]
[BlackElo "1511"]

1. e4 Nc6 2. Qh5 Nf6 3. Qf3 Nb4 4. d4 Nxc2+ 5. Kd1 Nxa1 6. b3 d6 7. Qc3 Nxe4 8.
Qxa1 Nxf2+ 9. Ke1 Nxh1 10. g3 c6 11. Bg2 Qa5+ 12. Nc3 Nxg3 13. hxg3 Qh5 14. Bf3
Bg4 15. d5 Qe5+ 16. Ne4 Qxa1 17. Kd1 Qd4+ 18. Bd2 Qxg1+ 19. Ke2 cxd5 20. Ng5
Bxf3+ 21. Nxf3 Qg2+ 22. Ke3 d4+ 23. Nxd4 Qxg3+ 24. Nf3 Qe5+ 25. Nxe5 dxe5 26. b4
e6 27. b5 Bc5+ 28. Ke4 Rd8 29. Ba5 h5 30. Kxe5 h4 31. Kf4 h3 32. Be1 h2 33. Bg3
h1=Q 34. Ke5 Rh5+ 35. Kf4 Rd4+ 36. Ke3 Rf5 37. Bc7 Qe4# 0-1

[Event "atÃ© a 25Âª jogada..."]
[Site "http://www.queenalice.com/game.php?id=416354"]
[Date "2008.6.12"]
[Round "-"]
[White "Aleqza"]
[Black "Rafasparov"]
[Result "0-1"]
[WhiteElo "1513"]
[BlackElo "1172"]

1. d4 c6 2. Nf3 e6 3. Nc3 Nf6 4. e3 Nd5 5. Ne5 Rg8 6. Qh5 g6 7. Qxh7 Rg7 8. Qh8
Nb4 9. Bd3 Qg5 10. g3 Qh5 11. Qxh5 gxh5 12. O-O h4 13. d5 hxg3 14. fxg3 exd5 15.
e4 b6 16. exd5 N8a6 17. Bf5 Ke7 18. Re1 Kd6 19. Bf4 cxd5 20. Rad1 Nxc2 21. Rxd5+
Kc7 22. Nb5+ Kb7 23. Be4 Bc5+ 24. Rd4+ d5 25. Bxd5+ Kb8 0-1

[Event "LET'S GO..."]
[Site "http://www.queenalice.com/game.php?id=419746"]
[Date "2008.6.18"]
[Round "-"]
[White "Aleqza"]
[Black "Rafasparov"]
[Result "1-0"]
[WhiteElo "1459"]
[BlackElo "1254"]

1. d4 e6 2. Bf4 Qh4 3. Bxc7 h5 4. Nf3 Qe4 5. a3 b5 6. Nc3 Qg4 7. Nxb5 Ba6 8. Ne5
Qe4 9. e3 Bxb5 10. Bxb5 Qxg2 11. Ke2 f6 12. Bxd7+ Nxd7 13. Nxd7 Kxd7 14. Ba5 f5
15. Qd3 Be7 16. Qb5+ Kd6 17. Rhg1 Qxh2 18. Rxg7 Rb8 19. Qxb8+ Kd5 20. Qxh2 Bd6
21. Qg2+ Kc4 22. Qc6+ Bc5 23. Qxc5# 1-0

[Event "puta merda... rsrs"]
[Site "http://www.queenalice.com/game.php?id=420334"]
[Date "2008.6.20"]
[Round "-"]
[White "Aleqza"]
[Black "Rafasparov"]
[Result "1-0"]
[WhiteElo "1464"]
[BlackElo "1224"]

1. b3 e5 2. e4 Bc5 3. Qf3 Qh4 4. Bc4 Nf6 5. Nc3 O-O 6. g3 Qxh2 7. Qxf6 gxf6 8.
Rxh2 Nc6 9. d3 Nd4 10. Kd1 d6 11. Nd5 1-0